000 00842aam a2200301 i 4500
001 14512
003 CO-MdFUSB
005 20250604142359.0
008 160823t2005 ck ||||| |||| 00| 0 eng d
020 _a958-704-368-5
040 _cCO-MdFUSB
_bspa.
_aCO-MdFUSB
_dCO-MdFUSBC
_erda
041 _aspa
082 0 4 _aR 463 R2881h
110 1 _aReal Academia Española
245 1 0 _aDiccionario panhispánico de dudas
_c/ Real Academia Española
260 _aBogotá : Santillana,
_c2005
264 1 _aBogotá, Colombia :
_bSantillana,
_c[2005]
264 4 _c© 2005
300 _a833 Pág.
_c;
336 _2rdacontent
_atexto
_btxt
337 _2rdamedia
_asin mediación
_bn
338 _2rdacarrier
_avolumen
_bnc
653 _aDiccionario
653 _apanhispánico
653 _aDudas
942 _cBK
945 _aEstudiante
999 _c43372
_d43372